[Event "Edinburgh Premier 2019"]
[Site "?"]
[Date "2019.04.07"]
[Round "4"]
[White "Ridge , Michael"]
[Black "Gray, Euan"]
[Result "1/2-1/2"]
[WhiteElo "1848"]
[BlackElo "1825"]
[PlyCount "114"]

1. c4 e5 2. Nc3 Nf6 3. Nf3 Nc6 4. e4 Bb4 5. d3 h6 6. g3 d6 7. h3 a5 8. Bg2 Be6
9. O-O O-O 10. Be3 Nd7 11. Nh4 Ne7 12. f4 exf4 13. gxf4 f5 14. Kh2 c6 15. Qe2
Nf6 16. Rad1 Qc7 17. Rc1 Rae8 18. Nd5 cxd5 19. cxd5 Qd7 20. dxe6 Qxe6 21. a3
Bc5 22. d4 Ba7 23. d5 Nexd5 24. Bxa7 g5 25. fxg5 hxg5 26. Qd2 Qe5+ 27. Kh1 fxe4
28. Bd4 Qg3 29. Bf2 Qf4 30. Qd4 gxh4 31. Rg1 Qe5 32. Bxe4+ Kf7 33. Bxd5+ Qxd5+
34. Qxd5+ Nxd5 35. Bxh4 Rh8 36. Rgf1+ Ke6 37. Rce1+ Kd7 38. Rxe8 Rxe8 39. Rd1
Ne3 40. Rd3 Nc4 41. Bg3 a4 42. b3 axb3 43. Rxb3 Kc6 44. Rc3 d5 45. Kg2 Rf8 46.
h4 b5 47. Bf2 Rf5 48. Rf3 Re5 49. Rf6+ Kd7 50. Bc5 Re2+ 51. Kf3 Rh2 52. Kg4
Rg2+ 53. Kf3 Rg7 54. h5 Nd2+ 55. Kf4 Ne4 56. h6 Nxf6 57. hxg7 Nh5+ 1/2-1/2

[Event "Edinburgh Premier 2019"]
[Site "?"]
[Date "2019.04.07"]
[Round "4"]
[White "Jelfs, Alan"]
[Black "Chisholm, Mike"]
[Result "0-1"]
[WhiteElo "1856"]
[BlackElo "1898"]
[PlyCount "58"]

1. d4 Nf6 2. c4 g6 3. Nc3 Bg7 4. e4 d6 5. Be2 O-O 6. Be3 c5 7. d5 e6 8. e5 dxe5
9. Bxc5 Re8 10. dxe6 Bxe6 11. Qxd8 Rxd8 12. Nf3 Na6 13. Be7 Rd7 14. Bxf6 Bxf6
15. Ne4 Bg7 16. O-O Bf5 17. Nfd2 Bxe4 18. Nxe4 f5 19. Nc3 Rd2 20. Rab1 e4 21.
Rfe1 Bxc3 22. bxc3 Nc5 23. a4 Rad8 24. Kf1 Ra2 25. Rb5 b6 26. a5 Rdd2 27. axb6
axb6 28. Rxb6 Nd3 29. c5 Rxe2 0-1

[Event "Edinburgh Premier 2019"]
[Site "?"]
[Date "2019.04.07"]
[Round "4"]
[White "Raja, Parthipan"]
[Black "Chapman, Nigel"]
[Result "1-0"]
[WhiteElo "1950"]
[BlackElo "1741"]
[PlyCount "57"]

1. f4 e5 2. fxe5 d6 3. exd6 Bxd6 4. Nf3 Nf6 5. d4 Ng4 6. Bg5 f6 7. Bh4 g5 8.
Bf2 Nxf2 9. Kxf2 c5 10. e3 cxd4 11. Bb5+ Nc6 12. Qxd4 Ke7 13. Bxc6 bxc6 14.
Qe4+ Kf7 15. Nc3 Qb6 16. Rab1 Be6 17. Nd4 Rae8 18. Qxc6 Bc5 19. Qxb6 Bxb6 20.
Nxe6 Rxe6 21. Nd5 Ree8 22. Rbc1 Bc5 23. b4 Bf8 24. c4 Re4 25. c5 a5 26. a3 axb4
27. axb4 Re6 28. Rhd1 h5 29. Ra1 1-0

[Event "Edinburgh Premier 2019"]
[Site "?"]
[Date "2019.04.07"]
[Round "4"]
[White "Ridge , Benjamin "]
[Black "Antunes, Andre"]
[Result "1/2-1/2"]
[WhiteElo "1544"]
[BlackElo "1832"]
[PlyCount "108"]

1. c4 e6 2. Nc3 d5 3. d4 Nf6 4. cxd5 Nxd5 5. Nxd5 Qxd5 6. Nf3 Nd7 7. Bf4 Bb4+
8. Bd2 Bd6 9. Qc2 Nf6 10. e3 Bd7 11. Bd3 Bc6 12. h3 Qh5 13. Be2 Be4 14. Qa4+
Bc6 15. Qc2 Bb5 16. g4 Qd5 17. e4 Nxe4 18. Bxb5+ Ke7 19. Bc4 Qc6 20. Bd3 Qxc2
21. Bxc2 Nf6 22. O-O Nd5 23. Rfe1 c6 24. Bb3 Nf4 25. Bxf4 Bxf4 26. Re4 Bc7 27.
Rc1 Bb6 28. d5 cxd5 29. Bxd5 Rac8 30. Rec4 Rxc4 31. Bxc4 Rd8 32. Be2 Rd5 33.
Rc8 h6 34. Rb8 Rd7 35. Bb5 Rc7 36. Ne5 Kd6 37. Nc4+ Kc5 38. a4 a6 39. Bxa6 Ba7
40. b4+ Kxb4 41. Rxb7+ Rxb7 42. Bxb7 Kxc4 43. Bc8 Kd3 44. Kg2 g5 45. f3 Ke3 46.
Kg3 f5 47. gxf5 exf5 48. Bd7 Bb8+ 49. Kg2 Kf4 50. Bc8 Bc7 51. Bd7 h5 52. Bc8 g4
53. fxg4 fxg4 54. hxg4 hxg4 1/2-1/2

[Event "Edinburgh Premier 2019"]
[Site "?"]
[Date "2019.04.07"]
[Round "4"]
[White "Walker , Duncan"]
[Black "Schmidt, Kai-Uwe"]
[Result "0-1"]
[WhiteElo "1797"]
[BlackElo "2070"]
[PlyCount "72"]

1. d4 Nf6 2. Nf3 g6 3. g3 Bg7 4. Bg2 O-O 5. O-O c6 6. c4 d6 7. Nc3 Qa5 8. d5
cxd5 9. cxd5 b5 10. Nd4 b4 11. Nb3 Qa6 12. Ne4 Nxe4 13. Bxe4 Nd7 14. a3 Qa4 15.
axb4 Qxb4 16. Bg2 Nc5 17. Ra3 Nxb3 18. Rxb3 Qc4 19. Re1 Re8 20. e4 Bg4 21. f3
Bd7 22. Bf1 Qc7 23. Be3 Ba4 24. Qd3 Bxb3 25. Qxb3 Reb8 26. Qa4 Rxb2 27. Rc1 Qb7
28. Qc6 Qb4 29. Ba6 Qb8 30. Bc8 Kf8 31. Qd7 Qb5 32. Rc6 Rb1+ 33. Bc1 Bd4+ 34.
Kg2 Qe2+ 35. Kh3 Qf1+ 36. Kg4 Rxc1 0-1

[Event "Edinburgh Premier 2019"]
[Site "?"]
[Date "2019.04.07"]
[Round "4"]
[White "McQuillan, Stephen G"]
[Black "Baumanis, Kristaps"]
[Result "1-0"]
[WhiteElo "1910"]
[BlackElo "1845"]
[PlyCount "83"]

1. d4 f5 2. Qd3 e6 3. Nc3 Nf6 4. f3 Bb4 5. a3 Bxc3+ 6. Qxc3 O-O 7. e3 Nc6 8.
Bc4 Qe7 9. Ne2 d5 10. Ba2 e5 11. O-O Kh8 12. b4 a5 13. dxe5 Nxe5 14. Bb2 Nc4
15. Bxc4 dxc4 16. Nf4 axb4 17. axb4 Bd7 18. Rad1 c5 19. bxc5 Bc6 20. Rd6 Rad8
21. Rfd1 Rd7 22. Ne6 Rf7 23. Qxc4 Rxd6 24. cxd6 Qe8 25. Kf2 Nd5 26. Rxd5 Qxe6
27. Rd4 Qd7 28. Qd3 Be4 29. Qa3 h5 30. Qc5 Kh7 31. Kg1 Bc6 32. Rh4 Kg6 33. Qe5
Rf6 34. Qg3+ Kh6 35. Bxf6 gxf6 36. Rd4 Qe8 37. Qf4+ Kg6 38. e4 Bd7 39. Rd5 Be6
40. exf5+ Bxf5 41. Qxf5+ Kg7 42. Qe4 1-0

[Event "Edinburgh Premier 2019"]
[Site "?"]
[Date "2019.04.07"]
[Round "4"]
[White "Thomson, Neil"]
[Black "Wynarczyk, Raymond"]
[Result "1-0"]
[WhiteElo "2021"]
[BlackElo "1875"]
[PlyCount "139"]

1. e4 e5 2. Nf3 d6 3. d4 exd4 4. Nxd4 Nf6 5. Nc3 Be7 6. g3 d5 7. e5 Ng4 8. Bg2
c5 9. Ndb5 a6 10. Nd6+ Bxd6 11. exd6 Qxd6 12. O-O O-O 13. Nxd5 Nc6 14. Bf4 Nge5
15. Nb6 Qxd1 16. Raxd1 Ra7 17. Rd5 f6 18. Nxc8 Rxc8 19. Rxc5 b6 20. Rc3 Rac7
21. Rd1 g5 22. Be3 Nb4 23. Rxc7 Rxc7 24. c3 Nbc6 25. Rd6 b5 26. Rxf6 Na5 27.
Bd4 Nac6 28. Bb6 Rc8 29. Be3 g4 30. Kf1 a5 31. Re6 Nf3 32. Bxf3 gxf3 33. Rf6
Ne5 34. Bd4 Rd8 35. Rf5 Nc4 36. b3 Na3 37. Rxf3 b4 38. Kg2 Nc2 39. Rf4 Ne1+ 40.
Kh3 Nd3 41. Rg4+ Kf8 42. cxb4 axb4 43. Be3 Kf7 44. Rd4 Rxd4 45. Bxd4 Nc1 46.
Bc5 Nxa2 47. Kg4 Nc1 48. Bxb4 Nxb3 49. Kg5 Nc1 50. Bc3 Nd3 51. f4 Nf2 52. Bd4
Ne4+ 53. Kh6 Kg8 54. g4 Nd6 55. h4 Nf7+ 56. Kh5 Nd8 57. g5 Nc6 58. Be5 Nd8 59.
Kg4 Kf7 60. h5 Nc6 61. Bc3 Ne7 62. f5 Kg8 63. f6 Nd5 64. Bd4 Nc7 65. Kf5 Nd5
66. Ke5 Nc7 67. g6 hxg6 68. hxg6 Nb5 69. f7+ Kg7 70. Bc5 1-0

[Event "Edinburgh Premier 2019"]
[Site "?"]
[Date "2019.04.07"]
[Round "5"]
[White "Gormally , Daniel"]
[Black "Arakhamia-Grant, Ketevan"]
[Result "1/2-1/2"]
[WhiteElo "2478"]
[BlackElo "2336"]
[PlyCount "177"]

1. e4 c5 2. Nf3 Nc6 3. Bb5 g6 4. O-O Bg7 5. Nc3 e5 6. Bxc6 dxc6 7. d3 Qe7 8.
Nd2 Nf6 9. Nc4 Be6 10. Nxe5 Nxe4 11. Nxe4 Bxe5 12. Re1 O-O-O 13. Ng5 Qd6 14.
Nxe6 Bxh2+ 15. Kh1 fxe6 16. g3 Bxg3 17. fxg3 Qxg3 18. Re3 Qh4+ 19. Kg2 Rhf8 20.
Qe2 Qg5+ 21. Rg3 Qd5+ 22. Kg1 Rf5 23. c4 Qd4+ 24. Kg2 Re5 25. Be3 Qxd3 26. Qxd3
Rxd3 27. Kf2 Rh5 28. Ke2 Rd7 29. Rf1 b6 30. Rf6 Rh2+ 31. Bf2 Rh1 32. Rg1 Rh2
33. Ke3 Kb7 34. b3 e5 35. Ke4 Rd2 36. Be3 Rxa2 37. Rf7+ Ka6 38. Rd1 Ka5 39.
Rxa7+ Kb4 40. Rb7 Kxb3 41. Rxb6+ Kxc4 42. Rxc6 Rh4+ 43. Kxe5 Rh5+ 44. Kd6 Ra8
45. Rc1+ Kd3 46. Bxc5 Ke4 47. Re1+ Kf3 48. Bb6 Ra3 49. Ke7 Rf5 50. Rh1 Rh5 51.
Rf1+ Kg2 52. Rg1+ Kh3 53. Bc7 Re3+ 54. Kd7 Rd5+ 55. Kc8 Red3 56. Rh1+ Kg4 57.
Rxh7 g5 58. Rh1 Rd1 59. Rh8 R1d3 60. Rf8 Rd1 61. Bb6 R1d3 62. Rh8 Rd6 63. Rc4+
Kf5 64. Kb7 Rd7+ 65. Kc8 R7d6 66. Bc7 R6d4 67. Rc6 Rd5 68. Rf8+ Kg4 69. Re6 Rc3
70. Rf7 Rdc5 71. Kb7 Rb3+ 72. Bb6 Rf5 73. Rd7 Rfb5 74. Rd1 Kf5 75. Rc6 g4 76.
Kc7 g3 77. Bd4 Rd5 78. Rf1+ Kg4 79. Rc4 Rd3 80. Bc5+ Kh3 81. Rh1+ Kg2 82. Rg1+
Kf3 83. Rc2 Rd1 84. Rc3+ R5d3 85. Rxd1 Rxc3 86. Kd6 Rxc5 87. Kxc5 g2 88. Kd4
Kf2 89. Rd2+ 1/2-1/2

[Event "Edinburgh Premier 2019"]
[Site "?"]
[Date "2019.04.07"]
[Round "5"]
[White "Kopylov, Michael"]
[Black "Shafi, Declan"]
[Result "1-0"]
[WhiteElo "2414"]
[BlackElo "2114"]
[PlyCount "85"]

1. d4 Nf6 2. c4 g6 3. g3 c6 4. Bg2 d5 5. Nf3 Bg7 6. cxd5 cxd5 7. Ne5 O-O 8. Nc3
Nc6 9. O-O Nxe5 10. dxe5 Ng4 11. Nxd5 Bxe5 12. Qb3 e6 13. Ne3 Nxe3 14. Bxe3 Qf6
15. Rfd1 Bxb2 16. Rab1 Be5 17. Bh6 Rd8 18. Rxd8+ Qxd8 19. Rd1 Qe7 20. Qb5 Bg7
21. Bg5 f6 22. Be3 Bf8 23. a4 e5 24. a5 a6 25. Qb6 Be6 26. Bc5 Qf7 27. Bxf8
Kxf8 28. Rd6 Re8 29. Bxb7 Kg7 30. Rc6 Re7 31. Bxa6 Bd5 32. Rd6 Rc7 33. f3 e4
34. Qd4 Ba8 35. fxe4 Qe7 36. Bd3 Bb7 37. a6 Bc8 38. Rb6 Bh3 39. Qd6 Qxd6 40.
Rxd6 Kf7 41. Rb6 Bc8 42. Rb8 Ke7 43. a7 1-0

[Event "Edinburgh Premier 2019"]
[Site "?"]
[Date "2019.04.07"]
[Round "5"]
[White "Farrell, Neil R"]
[Black "Hunt, Adam C"]
[Result "0-1"]
[WhiteElo "2099"]
[BlackElo "2070"]
[PlyCount "50"]

1. d4 Nf6 2. c4 g6 3. Nc3 Bg7 4. e4 d6 5. Nf3 O-O 6. h3 e5 7. d5 a5 8. Bg5 h6
9. Be3 Na6 10. Nd2 c6 11. Be2 Bd7 12. g4 Nc5 13. Rb1 Nh7 14. Nf3 cxd5 15. cxd5
Nf6 16. Nd2 Rc8 17. f3 Nh7 18. Nf1 f5 19. gxf5 gxf5 20. Qd2 f4 21. Bf2 Ng5 22.
Rh2 Nxh3 23. Bb5 Nxf2 24. Kxf2 Bxb5 25. Nxb5 Qb6 0-1

[Event "Edinburgh Premier 2019"]
[Site "?"]
[Date "2019.04.07"]
[Round "5"]
[White "Magnussen, Helge"]
[Black "Tate, Alan W"]
[Result "0-1"]
[WhiteElo "2099"]
[BlackElo "2368"]
[PlyCount "168"]

1. d4 d5 2. c4 c6 3. Nf3 Nf6 4. e3 Bg4 5. h3 Bh5 6. Nc3 e6 7. Bd3 Nbd7 8. Qc2
Rc8 9. O-O Bxf3 10. gxf3 dxc4 11. Bxc4 Qa5 12. e4 Qh5 13. Kg2 c5 14. d5 e5 15.
Rg1 a6 16. a4 Bd6 17. Ne2 g6 18. Ra3 Qh4 19. Rb3 Rb8 20. Be3 Nh5 21. Kh2 Nf4
22. Nxf4 exf4 23. Bc1 Ne5 24. Qe2 O-O 25. Bd2 Rfe8 26. Bc3 h5 27. Rb6 Qd8 28.
Ba5 Qe7 29. Bc3 Kh7 30. Bxe5 Qxe5 31. Qd3 Qe7 32. Rd1 Qd8 33. Qb3 Qd7 34. Qc2
Re5 35. Rg1 Qc7 36. Qb3 Re7 37. Rd1 Re5 38. Rg1 Kg7 39. a5 Kh6 40. Bd3 Kh7 41.
Rc1 Kg8 42. Rc4 Ree8 43. Qc3 Qe7 44. Qc2 Rbd8 45. Ra4 Rd7 46. Ra1 Be5 47. Rg1
Kh7 48. Rg2 Rc8 49. Qc4 Rd6 50. Rxd6 Qxd6 51. Rg1 Rc7 52. Rb1 Bd4 53. Qc2 c4
54. Bxc4 Qc5 55. b3 Bxf2 56. e5 Bg3+ 57. Kg2 Qxd5 58. Qxg6+ Kxg6 59. Bxd5 Kf5
60. Be4+ Kxe5 61. Rd1 Rc5 62. Bxb7 Rxa5 63. Rd2 h4 64. Re2+ Kd4 65. Bc6 Kd3 66.
Re7 Ra2+ 67. Kg1 Ra1+ 68. Kg2 Ra2+ 69. Kg1 Bf2+ 70. Kf1 Bc5 71. Be4+ Kd4 72.
Rd7+ Kc3 73. Rxf7 Rf2+ 74. Ke1 Rh2 75. Rxf4 Rxh3 76. Bb7 Rh1+ 77. Ke2 Rh2+ 78.
Ke1 Bf2+ 79. Kf1 a5 80. Bd5 Bd4 81. Be6 h3 82. Rf5 Rh1+ 83. Ke2 Rh2+ 84. Kf1
Ra2 0-1

[Event "Edinburgh Premier 2019"]
[Site "?"]
[Date "2019.04.07"]
[Round "5"]
[White "Burnett, Andrew B"]
[Black "Xian, Junhao"]
[Result "0-1"]
[WhiteElo "2186"]
[BlackElo "1953"]
[PlyCount "60"]

1. d4 f5 2. c4 Nf6 3. Nc3 g6 4. g3 Bg7 5. Bg2 O-O 6. Nh3 d6 7. Nf4 c6 8. O-O e5
9. dxe5 dxe5 10. Qxd8 Rxd8 11. Nd3 e4 12. Nc5 b6 13. Nb3 Be6 14. c5 Na6 15.
cxb6 axb6 16. Be3 c5 17. f3 Nb4 18. fxe4 Bxb3 19. e5 Nfd5 20. Bg5 Nxc3 21. bxc3
Nxa2 22. Rfb1 c4 23. Rb2 Rdc8 24. Bb7 Rcb8 25. Bd5+ Kh8 26. Bxa8 Rxa8 27. Bf6
Ra5 28. h3 Bxf6 29. exf6 Kg8 30. Rd2 Nxc3 0-1

[Event "Edinburgh Premier 2019"]
[Site "?"]
[Date "2019.04.07"]
[Round "5"]
[White "Kolbus, Dietmar"]
[Black "Turner , Max N"]
[Result "1/2-1/2"]
[WhiteElo "2281"]
[BlackElo "1961"]
[PlyCount "107"]

1. c4 c6 2. Nf3 d5 3. b3 Nf6 4. Bb2 Bf5 5. g3 h6 6. Bg2 e6 7. O-O Be7 8. d3 O-O
9. Nbd2 a5 10. a3 Nbd7 11. Qc2 Rc8 12. Rac1 Bh7 13. Qb1 Re8 14. Qa1 Qb6 15. Bh3
Qa7 16. Ne5 Nxe5 17. Bxe5 b5 18. Qb2 Red8 19. Nf3 Qb7 20. c5 b4 21. a4 Ne8 22.
Nd4 Bf6 23. Bxf6 Nxf6 24. f4 Qe7 25. Nf3 Nd7 26. d4 Be4 27. Qd2 Rf8 28. Qe3
Rce8 29. Nd2 f5 30. Nf3 Qf6 31. Bg2 Re7 32. Qd2 g6 33. Ne5 Bxg2 34. Nxd7 Rxd7
35. Kxg2 g5 36. Kh1 g4 37. Kg2 h5 38. Rh1 h4 39. Qe3 Kf7 40. Rcg1 Rh8 41. h3
Qg7 42. gxh4 Rxh4 43. Kf1 Qh8 44. Rg3 Rd8 45. Qf2 Rg8 46. e3 Qh5 47. Qe2 Qh6
48. Qa6 Qh5 49. Qxc6 gxh3 50. Qc7+ Kf6 51. Qe5+ Kf7 52. Qc7+ Kf6 53. Qe5+ Kf7
54. Qc7+ 1/2-1/2

[Event "Edinburgh Premier 2019"]
[Site "?"]
[Date "2019.04.07"]
[Round "5"]
[White "Robertson, David A"]
[Black "Kopylov, Daniel"]
[Result "0-1"]
[WhiteElo "1912"]
[BlackElo "2280"]
[PlyCount "48"]

1. d4 Nf6 2. c4 g6 3. Nc3 d5 4. cxd5 Nxd5 5. e4 Nxc3 6. bxc3 Bg7 7. Rb1 O-O 8.
Nf3 c5 9. Be2 Nc6 10. d5 Na5 11. Qd3 c4 12. Qd2 e6 13. O-O exd5 14. exd5 Bf5
15. Ba3 Bxb1 16. Bxf8 Qxf8 17. Rxb1 Rd8 18. Rb4 Qc5 19. g3 Rxd5 20. Qb2 b5 21.
a4 a6 22. axb5 axb5 23. Qa3 Nc6 24. Qa8+ Rd8 0-1

[Event "Edinburgh Premier 2019"]
[Site "?"]
[Date "2019.04.07"]
[Round "5"]
[White "Abdulla, Murad"]
[Black "Campbell, Duncan AF"]
[Result "1/2-1/2"]
[WhiteElo "2256"]
[BlackElo "1902"]
[PlyCount "82"]

1. e4 e6 2. d3 d5 3. Qe2 dxe4 4. dxe4 Nc6 5. c3 e5 6. Qc2 Nf6 7. Nf3 Bd6 8. Be2
Bg4 9. h3 Be6 10. Bd3 Qe7 11. O-O Bc5 12. Bg5 h6 13. Bh4 g5 14. Bg3 Nh5 15. Bh2
Nf4 16. Bb5 Bd7 17. b4 Bd6 18. Nbd2 h5 19. Bxf4 gxf4 20. a3 a6 21. Be2 Qf6 22.
Kh2 Ke7 23. Nb3 Rag8 24. Rg1 Bg4 25. Rad1 Kf8 26. a4 Nd8 27. Na5 Ne6 28. Nxb7
Be7 29. Qd3 Ng5 30. Qxa6 Nxf3+ 31. gxf3 Qh4 32. fxg4 f3 33. Bxf3 Qxf2+ 34. Rg2
Qxf3 35. Rd3 Qf4+ 36. Kh1 hxg4 37. Qa8+ Kg7 38. Qa6 Qf1+ 39. Kh2 Qf4+ 40. Kg1
Qc1+ 41. Kh2 Qf4+ 1/2-1/2

[Event "Edinburgh Premier 2019"]
[Site "?"]
[Date "2019.04.07"]
[Round "5"]
[White "Jennings, Richard L"]
[Black "Adrian, Claude"]
[Result "0-1"]
[WhiteElo "1984"]
[BlackElo "2224"]
[PlyCount "30"]

1. d4 d5 2. c4 e5 3. e3 exd4 4. exd4 Nf6 5. Nc3 Bb4 6. a3 Bxc3+ 7. bxc3 O-O 8.
h3 Re8+ 9. Be3 Ne4 10. Qc1 c5 11. Nf3 Nc6 12. cxd5 Qxd5 13. Be2 cxd4 14. Nxd4
Nxd4 15. Qd1 Nxc3 0-1

[Event "Edinburgh Premier 2019"]
[Site "?"]
[Date "2019.04.07"]
[Round "5"]
[White "Sanger, Jake M"]
[Black "Han, Yichen"]
[Result "0-1"]
[WhiteElo "1840"]
[BlackElo "2190"]
[PlyCount "162"]

1. d4 Nf6 2. Nf3 g6 3. Nc3 d5 4. Bf4 Bg7 5. e3 O-O 6. Be2 c5 7. O-O cxd4 8.
exd4 Nc6 9. Ne5 Bf5 10. Nxc6 bxc6 11. Na4 Nd7 12. c3 Qc8 13. Re1 Re8 14. Bf3
Qb7 15. Bg4 Bxg4 16. Qxg4 Rac8 17. Qd1 c5 18. dxc5 Nxc5 19. Nxc5 Rxc5 20. Qa4
Rec8 21. Rab1 e6 22. Bd6 Rb5 23. Ba3 Rc4 24. Qd1 Qa6 25. Bb4 Qb7 26. Ba3 h6 27.
Qd3 e5 28. b3 Rc8 29. c4 e4 30. Qc2 Ra5 31. Bc1 f5 32. a3 d4 33. b4 Re5 34. Bf4
Ree8 35. c5 g5 36. Qb3+ Qf7 37. Bd2 Qxb3 38. Rxb3 f4 39. Kf1 d3 40. f3 e3 41.
Bxe3 Rxe3 42. Rxe3 fxe3 43. Rxd3 Re8 44. Ke2 Bb2 45. c6 Rc8 46. b5 Be5 47. g3
Bc7 48. Rxe3 Kf7 49. f4 gxf4 50. gxf4 Rd8 51. Rh3 Rd6 52. Ke3 Re6+ 53. Kf3 Kg6
54. Rg3+ Kf7 55. Rh3 Bb6 56. Kg4 Rf6 57. Rd3 Ke6 58. Kf3 Rf5 59. a4 Rh5 60. Kg3
Rc5 61. Re3+ Kf5 62. Rd3 Bc7 63. Rd7 Bxf4+ 64. Kf3 Rc3+ 65. Ke2 a6 66. bxa6
Rxc6 67. Rd5+ Ke4 68. Ra5 Rc2+ 69. Kd1 Rc8 70. a7 Ra8 71. Kc2 Bxh2 72. Rh5 Bf4
73. Ra5 Be3 74. Kd1 Kf3 75. Ra6 Rxa7 76. Rf6+ Bf4 77. Rf5 Rxa4 78. Rh5 Kg4 79.
Rc5 h5 80. Ke2 Ra2+ 81. Kf1 Kf3 0-1

[Event "Edinburgh Premier 2019"]
[Site "?"]
[Date "2019.04.07"]
[Round "5"]
[White "Will, Douglas"]
[Black "Jarmany, John"]
[Result "0-1"]
[WhiteElo "1914"]
[BlackElo "2111"]
[PlyCount "106"]

1. e4 c6 2. d4 d5 3. Nc3 dxe4 4. f3 Qb6 5. fxe4 e5 6. Nf3 exd4 7. Qxd4 Qxd4 8.
Nxd4 Bc5 9. Nb3 Bd6 10. Bd3 Nd7 11. O-O Ne7 12. Bf4 Ne5 13. Nd2 N7g6 14. Bg3
Be6 15. Be2 O-O-O 16. Nf3 Nxf3+ 17. gxf3 Nf4 18. Rfd1 Bc5+ 19. Kh1 Nxe2 20.
Nxe2 Bc4 21. Nf4 Bd4 22. c3 Be3 23. Kg2 g5 24. Nh3 Be2 25. Rd6 Bc5 26. Rxd8+
Rxd8 27. Be1 Rd3 28. Nxg5 h6 29. Bf2 hxg5 30. Bxc5 Bxf3+ 31. Kf2 Bxe4 32. Re1
f5 33. Re2 Rf3+ 34. Kg1 b6 35. Be7 g4 36. Bg5 Rh3 37. Re3 Rh7 38. Bf4 c5 39.
Re2 Kd7 40. b4 Kc6 41. Be3 cxb4 42. cxb4 Kb5 43. a3 Ka4 44. Bc1 Rc7 45. Bb2 Kb3
46. Kf2 Rd7 47. Bc1 Rc7 48. Re3+ Kc2 49. Re1 Rc3 50. Re3 Bd3 51. Re1 Rc4 52.
Be3 f4 53. Rc1+ Kb2 0-1

[Event "Edinburgh Premier 2019"]
[Site "?"]
[Date "2019.04.07"]
[Round "5"]
[White "Allor, Chuckwuka"]
[Black "Muskath, Max"]
[Result "0-1"]
[WhiteElo "2076"]
[BlackElo "2120"]
[PlyCount "88"]

1. e4 c5 2. Nf3 d6 3. d4 cxd4 4. Nxd4 Nf6 5. Nc3 a6 6. Be3 e6 7. Be2 Be7 8. O-O
O-O 9. f4 Qc7 10. Qe1 b5 11. Bf3 Bb7 12. e5 dxe5 13. fxe5 Nfd7 14. Qg3 Kh8 15.
Kh1 Nc6 16. Nxc6 Bxc6 17. Bd4 Bxf3 18. Rxf3 b4 19. Ne4 Qxc2 20. Rf4 f6 21. Rg4
f5 22. Rxg7 Rg8 23. Rxe7 Rxg3 24. Nxg3 Nf8 25. Rf1 Qd3 26. Bc5 Qc4 27. Be3 Ng6
28. Rd7 f4 29. Rd4 Qxa2 30. Bxf4 Nxf4 31. Rfxf4 Qa1+ 32. Nf1 Qxb2 33. Rxb4 Qxe5
34. h3 a5 35. Rbe4 Qd6 36. Ne3 Qc6 37. Rc4 Qd7 38. Ng4 a4 39. Rcd4 Qe8 40. Nf6
Qg6 41. Rd7 a3 42. Nxh7 a2 43. Nf8 a1=Q+ 44. Kh2 Qh6 0-1

[Event "Edinburgh Premier 2019"]
[Site "?"]
[Date "2019.04.07"]
[Round "5"]
[White "Koehn, Lennart"]
[Black "Skettos, Nicolas"]
[Result "1-0"]
[WhiteElo "2134"]
[BlackElo "1848"]
[PlyCount "85"]

1. Nf3 Nf6 2. g3 b6 3. Bg2 Bb7 4. O-O e6 5. c4 Be7 6. b3 O-O 7. Bb2 c5 8. d4
cxd4 9. Qxd4 Nc6 10. Qf4 d5 11. Rd1 Qc8 12. Nbd2 dxc4 13. Nxc4 Nd5 14. Qg4 Nf6
15. Bxf6 Bxf6 16. Rac1 Rd8 17. Nd6 Qc7 18. Nxb7 Rxd1+ 19. Rxd1 Qxb7 20. Ng5 Rc8
21. Nxe6 fxe6 22. Qxe6+ Kh8 23. Rc1 Qb8 24. Rxc6 Rxc6 25. Bxc6 Qd8 26. Kg2 Qe7
27. Qc8+ Qd8 28. Qxd8+ Bxd8 29. f4 g6 30. Kf3 Kg7 31. e4 Be7 32. e5 Bc5 33. g4
Bg1 34. h3 Bh2 35. Ke4 Kf7 36. Bd5+ Ke7 37. f5 gxf5+ 38. gxf5 a5 39. f6+ Kf8
40. e6 Bd6 41. e7+ Bxe7 42. fxe7+ Kxe7 43. Ke5 1-0

[Event "Edinburgh Premier 2019"]
[Site "?"]
[Date "2019.04.07"]
[Round "5"]
[White "Waller, Dan"]
[Black "Pasha, Tariq"]
[Result "0-1"]
[WhiteElo "2056"]
[BlackElo "1839"]
[PlyCount "126"]

1. e4 c5 2. Nf3 d6 3. Bb5+ Bd7 4. Bxd7+ Qxd7 5. O-O Nf6 6. Qe2 Nc6 7. Rd1 g6 8.
c3 Bg7 9. d4 cxd4 10. cxd4 O-O 11. d5 Nd8 12. Nc3 Ne8 13. Be3 b6 14. Rac1 Nb7
15. b4 h6 16. Nd4 Kh7 17. Rc2 a6 18. Qd3 b5 19. Nce2 Nf6 20. f3 Rfc8 21. Rdc1
Nd8 22. Nc6 Qe8 23. Ned4 Nd7 24. f4 e5 25. dxe6 Nxe6 26. Nf3 Bf8 27. f5 Nec5
28. fxg6+ fxg6 29. bxc5 Rxc6 30. cxd6 Rxd6 31. Bd4 Bg7 32. Rc6 Rxd4 33. Nxd4
Ne5 34. Qc2 Nxc6 35. Nxc6 Qe6 36. a4 Re8 37. axb5 axb5 38. e5 Bxe5 39. Nxe5
Qxe5 40. Qc7+ Qe7 41. Qb6 Qe3+ 42. Qxe3 Rxe3 43. Rc7+ Kg8 44. Rb7 Re1+ 45. Kf2
Rb1 46. h4 h5 47. Ke3 b4 48. Kd3 b3 49. Kc3 b2 50. Rxb2 Rxb2 51. Kxb2 Kf7 52.
Kc3 Kf6 53. Kd4 Kf5 54. Ke3 Kg4 55. Kf2 Kxh4 56. Kg1 Kg3 57. Kh1 h4 58. Kg1 h3
59. gxh3 Kxh3 60. Kh1 g5 61. Kg1 g4 62. Kh1 g3 63. Kg1 g2 0-1

[Event "Edinburgh Premier 2019"]
[Site "?"]
[Date "2019.04.07"]
[Round "5"]
[White "Chisholm, Mike"]
[Black "McCusker, Andrew"]
[Result "0-1"]
[WhiteElo "1898"]
[BlackElo "1744"]
[PlyCount "104"]

1. d4 d5 2. c4 c6 3. Nf3 Nf6 4. e3 e6 5. Nc3 b6 6. cxd5 exd5 7. Be2 Bd6 8. Bd2
Qe7 9. O-O O-O 10. Rc1 Bg4 11. h3 Bh5 12. Nh4 Bxe2 13. Qxe2 Qe6 14. Qd3 Ne4 15.
Qe2 Nxc3 16. Bxc3 c5 17. dxc5 bxc5 18. Rfd1 Nc6 19. Qg4 Ne5 20. Qg5 h6 21. Qf5
Rfd8 22. Bxe5 Bxe5 23. Rxc5 g5 24. Qxe6 fxe6 25. Nf3 Bxb2 26. Rb1 Ba3 27. Rc6
Rd6 28. Rxd6 Bxd6 29. Nd4 Kf7 30. Rb7+ Kf6 31. Rh7 Bf8 32. g4 a5 33. Rc7 Ra6
34. Kf1 a4 35. Rc6 Rxc6 36. Nxc6 e5 37. Na7 d4 38. exd4 exd4 39. Nc6 Bc5 40.
Ke2 Ke6 41. Kd3 Kd5 42. Na5 Ke5 43. Nc4+ Kf4 44. Nd2 Bb4 45. Ne4 Kf3 46. Kxd4
Kg2 47. f4 gxf4 48. h4 f3 49. g5 h5 50. g6 Bf8 51. Ke3 Bh6+ 52. Kd3 f2 0-1

[Event "Edinburgh Premier 2019"]
[Site "?"]
[Date "2019.04.07"]
[Round "5"]
[White "McGregor, Lindsay A"]
[Black "Archibong, Ubong Samuel"]
[Result "0-1"]
[WhiteElo "1695"]
[BlackElo "2194"]
[PlyCount "74"]

1. e4 c5 2. Nf3 e6 3. d4 cxd4 4. Nxd4 Nc6 5. Nc3 Qc7 6. Be3 a6 7. Be2 Nf6 8. f4
Bb4 9. Bf3 d5 10. e5 Ne4 11. Bxe4 dxe4 12. Qg4 O-O 13. O-O Bxc3 14. bxc3 Ne7
15. Rae1 Qxc3 16. Kh1 b5 17. Bg1 Bb7 18. f5 exf5 19. Nxf5 Nxf5 20. Qxf5 Rae8
21. Qd7 Ba8 22. Rxf7 Rxf7 23. Qxe8+ Rf8 24. Qe6+ Kh8 25. Rf1 Rg8 26. Qe7 e3 27.
Rf8 Bd5 28. Rxg8+ Bxg8 29. Qh4 e2 30. Bf2 Qxe5 31. a3 Qf5 32. Qd4 Qxc2 33. Be1
Qf5 34. Bf2 Qb1+ 35. Be1 Qxe1+ 36. Qg1 Qxg1+ 37. Kxg1 e1=Q# 0-1

[Event "Edinburgh Premier 2019"]
[Site "?"]
[Date "2019.04.07"]
[Round "5"]
[White "Paul, Rabindra"]
[Black "Birkett, Richard"]
[Result "0-1"]
[WhiteElo "1778"]
[BlackElo "1940"]
[PlyCount "84"]

1. e4 e5 2. Nf3 Nc6 3. Bb5 a6 4. Ba4 b5 5. Bb3 Na5 6. O-O Nxb3 7. axb3 d6 8.
Nc3 Bb7 9. d3 Ne7 10. Ne1 d5 11. exd5 Nxd5 12. Qh5 Bd6 13. Nxd5 Bxd5 14. f4 Qf6
15. d4 g6 16. Qe2 e4 17. c3 O-O 18. Qc2 Qe6 19. b4 Bb3 20. Qd2 f5 21. Nc2 g5
22. d5 Bxd5 23. Nd4 Qf7 24. fxg5 f4 25. Qd1 Bc4 26. Rf2 Qg6 27. h4 e3 28. Rf3
Rae8 29. Rxa6 Qh5 30. Qe1 Qg4 31. Ra5 Bd5 32. Rxb5 Bxf3 33. Nxf3 Qd7 34. Qe2
Rf5 35. Rxf5 Qxf5 36. Nd4 Qb1 37. Qc4+ Kf8 38. Ne2 Qc2 39. Qb5 Qd1+ 40. Kh2 f3+
41. Ng3 Qxc1 42. g6 hxg6 0-1

[Event "Edinburgh Premier 2019"]
[Site "?"]
[Date "2019.04.07"]
[Round "5"]
[White "Baxter, Harry"]
[Black "Raja, Parthipan"]
[Result "1/2-1/2"]
[WhiteElo "1880"]
[BlackElo "1950"]
[PlyCount "77"]

1. Nf3 f5 2. d4 Nf6 3. g3 e6 4. Bg2 Be7 5. c4 d6 6. Nc3 O-O 7. O-O Ne4 8. Qc2
Nxc3 9. Qxc3 a5 10. b3 Bf6 11. Bb2 Nc6 12. Rfd1 Qe8 13. Qc2 e5 14. d5 Nb4 15.
Qb1 Qh5 16. a3 Na6 17. Bc3 Nc5 18. Ra2 Ne4 19. Be1 g5 20. h3 Bg7 21. Nh2 Nf6
22. b4 axb4 23. axb4 Rxa2 24. Qxa2 f4 25. g4 Qf7 26. Nf3 h6 27. Nd2 h5 28. f3
e4 29. Nxe4 Nxe4 30. fxe4 hxg4 31. hxg4 Bxg4 32. Bf3 Qh5 33. Qa3 Rf6 34. e5
dxe5 35. c5 e4 36. d6 Bxf3 37. exf3 Rh6 38. Qa2+ Qf7 39. Qxf7+ 1/2-1/2